书目信息 |
| 题名: |
地图学
|
|
| 作者: | 张力果 | |
| 分册: | ||
| 出版信息: | 北京 高等教育出版社 1983 |
|
| 页数: | ||
| 开本: | 28cm | |
| 丛书名: | ||
| 单 册: | ||
| 中图分类: | P281.2 | |
| 科图分类: | ||
| 主题词: | 地图学 | |
| 电子资源: | ||
| ISBN: | ||
| 000 | 00455nam0 2200181 450 | |
| 001 | 0736196517 | |
| 005 | 20070924100316.51 | |
| 010 | @d¥3.30 | |
| 100 | @a20070924d km y0chiy0120 ea | |
| 101 | 0 | @achi |
| 200 | 1 | @a地图学@Adi tu xue@f张力果@Fzhang li guo |
| 210 | @a北京@c高等教育出版社@d1983 | |
| 215 | @d28cm | |
| 606 | 0 | @a地图学 |
| 690 | @aP281.2@v3 | |
| 701 | 0 | @a张力果@Azhang li guo |
| 801 | 0 | @aCN@bPFT@c20070924 |
| 905 | @a213230@dP281.2@eZY34@f1 | |
| 地图学/张力果.-北京:高等教育出版社,1983 |
| 28cm |
| ISBN :¥3.30 |
| ● |
| 相关链接 |
|
|
|
|
正题名:地图学
索取号:P281.2/ZY34
 
预约/预借
| 序号 | 登录号 | 条形码 | 馆藏地/架位号 | 状态 | 备注 |
| 1 | 7901169 | 279011695 | 密集书库-资源管理系/ [索取号:P281.2/ZY34] | 在馆 |